[Event "BPB Limburg-open C"]
[Site "Maastricht"]
[Date "2015.05.23"]
[Round "3"]
[White "Daemen, Jules"]
[Black "Spanjersberg, Hans"]
[Result "1/2-1/2"]
[WhiteElo "1688"]
[BlackElo "1664"]
[PlyCount "85"]
[EventDate "2015.05.22"]
[EventType "swiss"]
[EventRounds "7"]
[EventCountry "NED"]
[Source "P.Boonen"]
[SourceDate "2015.01.01"]

1. Nc3 e6 2. g3 d5 3. Bg2 Nf6 4. d3 Be7 5. e4 O-O 6. Bf4 a6 7. Nf3 c5 8. O-O
Nc6 9. Re1 Nh5 10. Bd2 d4 11. Ne2 e5 12. c3 h6 13. Qc2 g5 14. Bc1 Ng7 15. Nd2
Be6 16. cxd4 Nxd4 17. Nxd4 cxd4 18. Nf1 Qd7 19. f4 f6 20. Qe2 Rac8 21. Bd2 Rc2
22. Qd1 Rfc8 23. Bc3 Rxg2+ 24. Kxg2 dxc3 25. bxc3 Rxc3 26. f5 Bf7 27. Re3 Be8
28. Rc1 Qd4 29. g4 Ba4 30. Qd2 Bb4 31. Rxc3 Bxc3 32. Qe2 Qb4 33. Ng3 Bd4 34.
Rf3 Be8 35. Qc2 Qc3 36. Rf2 b5 37. Qxc3 Bxc3 38. Rc2 Ba5 39. Rc8 Bb6 40. Rb8
Bc7 41. Rb7 Bd8 42. Rb8 Bc7 43. Rb7 1/2-1/2

[Event "BPB Limburg-open C"]
[Site "Maastricht"]
[Date "2015.05.23"]
[Round "3"]
[White "Daems, Jan"]
[Black "Weidema, Luuk"]
[Result "1/2-1/2"]
[WhiteElo "1099"]
[BlackElo "1189"]
[PlyCount "118"]
[EventDate "2015.05.22"]
[EventType "swiss"]
[EventRounds "7"]
[EventCountry "NED"]
[Source "P.Boonen"]
[SourceDate "2015.01.01"]

1. e4 e5 2. Bc4 Nf6 3. d3 Nc6 4. a3 d6 5. Nc3 a6 6. h3 Na5 7. Ba2 Be7 8. g4 Nc6
9. g5 Ng8 10. h4 Be6 11. Nd5 Nd4 12. c3 Nb5 13. Be3 c6 14. Bb6 Qd7 15. a4 cxd5
16. exd5 Bf5 17. axb5 Qxb5 18. Be3 Bxd3 19. Bb3 O-O-O 20. Ba7 Bc4 21. Qg4+ Kc7
22. Qxc4+ Qxc4 23. Bxc4 f6 24. Be3 g6 25. Ra3 h6 26. Rb3 b5 27. Bd3 hxg5 28.
Bxg6 gxh4 29. Bf5 Nh6 30. Be6 f5 31. Bxh6 Rxh6 32. Bxf5 Rf8 33. Be4 Rf4 34. Bf3
Rhf6 35. c4 bxc4 36. Re3 Bd8 37. Ke2 Kb6 38. Nh3 Rd4 39. Ng5 c3 40. bxc3 Ra4
41. Ne6 Be7 42. Rb1+ Ka7 43. Rg1 Bf8 44. Nxf8 Rxf8 45. Rg7+ Kb6 46. Rd7 Kc5 47.
Rc7+ Kb6 48. Rc6+ Kb7 49. Rxd6 Kc7 50. Rc6+ Kd7 51. Re4 Rxe4+ 52. Bxe4 Ra8 53.
d6 a5 54. Rc7+ Kxd6 55. Bxa8 Kxc7 56. Kd2 Kd6 57. Kc2 Kc5 58. Kb3 h3 59. Be4
a4+ 1/2-1/2

[Event "BPB Limburg-open C"]
[Site "Maastricht"]
[Date "2015.05.23"]
[Round "3"]
[White "De Bock, Thijs"]
[Black "Bijvank, Kylian"]
[Result "1-0"]
[WhiteElo "1621"]
[BlackElo "1371"]
[PlyCount "45"]
[EventDate "2015.05.22"]
[EventType "swiss"]
[EventRounds "7"]
[EventCountry "NED"]
[Source "P.Boonen"]
[SourceDate "2015.01.01"]

1. e4 c5 2. Nf3 Nc6 3. d4 cxd4 4. Nxd4 e6 5. Nc3 a6 6. Be3 Qc7 7. Be2 Bb4 8.
O-O Nf6 9. Na4 b5 10. Nxc6 bxa4 11. Nxb4 a5 12. Nd3 Nxe4 13. Bf3 Bb7 14. Re1
O-O 15. Bf4 Qc4 16. b3 Qd4 17. Be5 Qd5 18. Bxe4 Qb5 19. Qg4 f6 20. Bxb7 Qxb7
21. Bd6 Rf7 22. Qe4 Qb6 23. Qxa8+ 1-0

[Event "BPB Limburg-open C"]
[Site "Maastricht"]
[Date "2015.05.23"]
[Round "3"]
[White "De Cocq, Marc"]
[Black "Uiterwijk, Jos"]
[Result "0-1"]
[WhiteElo "1277"]
[BlackElo "1622"]
[PlyCount "66"]
[EventDate "2015.05.22"]
[EventType "swiss"]
[EventRounds "7"]
[EventCountry "NED"]
[Source "P.Boonen"]
[SourceDate "2015.01.01"]

1. e4 c5 2. Nc3 d6 3. Bc4 Nf6 4. d3 g6 5. Nf3 Bg7 6. Bg5 O-O 7. Qd2 Nbd7 8. h3
a6 9. Bh6 b5 10. Bxg7 Kxg7 11. Bb3 Nb6 12. a3 Bd7 13. O-O Qc8 14. e5 Ng8 15.
Nd5 Nxd5 16. Bxd5 Bc6 17. Bxc6 Qxc6 18. exd6 Qxd6 19. Rfe1 f6 20. Qc3 Rfc8 21.
Re4 Qd5 22. Rae1 Ra7 23. b3 Rcc7 24. h4 Kf7 25. Rf4 h6 26. g4 g5 27. Rf5 Qd6
28. hxg5 hxg5 29. Nxg5+ Ke8 30. Re6 Qd4 31. Qd2 Qxg4+ 32. Kf1 Qxf5 33. Qe3 Qxg5
0-1

[Event "BPB Limburg-open C"]
[Site "Maastricht"]
[Date "2015.05.23"]
[Round "3"]
[White "De Goede, Jose"]
[Black "Harder, Cindy"]
[Result "0-1"]
[WhiteElo "952"]
[BlackElo "900"]
[PlyCount "100"]
[EventDate "2015.05.22"]
[EventType "swiss"]
[EventRounds "7"]
[EventCountry "NED"]
[Source "P.Boonen"]
[SourceDate "2015.01.01"]

1. e4 e5 2. Nf3 Nc6 3. Bb5 Bc5 4. O-O d5 5. Bxc6+ bxc6 6. Nxe5 Qe7 7. d4 dxe4
8. Be3 Bd6 9. Nc3 Bxe5 10. Nxe4 Qh4 11. dxe5 Qxe4 12. Bd4 Bf5 13. f3 Qxc2 14.
Qxc2 Bxc2 15. Rac1 Rd8 16. Be3 Bd3 17. Rfe1 Ne7 18. Bxa7 Ra8 19. Bc5 Rxa2 20.
Bxe7 Kxe7 21. Rxc6 Kd7 22. Rec1 Rc8 23. Kf2 Rxb2+ 24. Ke3 Rb3 25. f4 Bb5+ 26.
R6c3 Rxc3+ 27. Rxc3 Re8 28. Kd4 Ra8 29. Kd5 c6+ 30. Kc5 Ra2 31. Rg3 Rc2+ 32.
Kb6 Rb2 33. Rxg7 Bf1+ 34. Kc5 Rb5+ 35. Kd4 c5+ 36. Ke4 Ke6 37. f5+ Ke7 38. g4
Bg2+ 39. Kf4 c4 40. Rxh7 c3 41. e6 Rb4+ 42. Kg5 c2 43. Rxf7+ Kd6 44. e7 c1=Q+
45. Kf6 Bc6 46. g5 Qc3+ 47. Kg6 Be8 48. f6 Qc4 49. Kg7 Qxf7+ 50. Kh6 Rh4# 0-1

[Event "BPB Limburg-open C"]
[Site "Maastricht"]
[Date "2015.05.23"]
[Round "3"]
[White "Dethier, Krista"]
[Black "Heinen, Dai"]
[Result "0-1"]
[WhiteElo "1325"]
[BlackElo "1510"]
[PlyCount "110"]
[EventDate "2015.05.22"]
[EventType "swiss"]
[EventRounds "7"]
[EventCountry "NED"]
[Source "P.Boonen"]
[SourceDate "2015.01.01"]

1. c4 e5 2. Nc3 Nf6 3. Nf3 d6 4. g3 Be7 5. Bg2 c6 6. d4 exd4 7. Nxd4 O-O 8. O-O
Nbd7 9. Nf5 Nb6 10. Nxe7+ Qxe7 11. b3 Rd8 12. Qc2 d5 13. Bg5 dxc4 14. Bxf6 Qxf6
15. bxc4 Bf5 16. Be4 Bxe4 17. Nxe4 Qe5 18. h4 h6 19. Rad1 Rd4 20. Rxd4 Qxd4 21.
Rd1 Qxc4 22. Qxc4 Nxc4 23. Rd4 Ne5 24. f4 Ng4 25. f5 Kf8 26. Nd6 Rd8 27. Rxg4
Rxd6 28. Re4 Rd2 29. a4 Rd7 30. Kf2 Re7 31. Rd4 Ke8 32. e4 Rd7 33. Rc4 Ke7 34.
Kf3 g6 35. fxg6 fxg6 36. e5 Ke6 37. Ke4 Rd5 38. Rb4 Rxe5+ 39. Kf3 b6 40. Rg4
Kf6 41. Rd4 Rd5 42. Rc4 c5 43. g4 g5 44. h5 Ke6 45. Re4+ Re5 46. Rc4 Kd5 47.
Rc1 c4 48. Rd1+ Kc5 49. Rd7 a5 50. Rc7+ Kd5 51. Rd7+ Kc6 52. Rh7 Re6 53. Rh8
Kc5 54. Rc8+ Kd4 55. Rc7 Kd3 0-1

[Event "BPB Limburg-open C"]
[Site "Maastricht"]
[Date "2015.05.23"]
[Round "3"]
[White "Elisen, Peter"]
[Black "Haarsma, Rob"]
[Result "1-0"]
[WhiteElo "1500"]
[BlackElo "1421"]
[PlyCount "99"]
[EventDate "2015.05.22"]
[EventType "swiss"]
[EventRounds "7"]
[EventCountry "NED"]
[Source "P.Boonen"]
[SourceDate "2015.01.01"]

1. d4 Nf6 2. g3 d5 3. Bg2 b6 4. c4 Bb7 5. Nc3 e6 6. a3 c6 7. Nf3 Be7 8. O-O O-O
9. Bd2 Nbd7 10. Re1 c5 11. e3 Ne4 12. cxd5 exd5 13. Nxe4 dxe4 14. Ne5 f6 15.
Qb3+ Kh8 16. Nf7+ Rxf7 17. Qxf7 cxd4 18. exd4 Nf8 19. Bc3 Bd5 20. Qh5 g6 21.
Qd1 e3 22. Rxe3 Bxg2 23. Kxg2 Qd5+ 24. Qf3 Qxf3+ 25. Kxf3 Bd6 26. d5 Bc5 27.
Re2 Kg7 28. Bb4 a5 29. Bxc5 bxc5 30. Re7+ Kh6 31. Rd1 a4 32. d6 g5 33. d7 Rd8
34. Ke2 Kg6 35. Re8 Rxd7 36. Rxf8 Rb7 37. Rd2 h5 38. Rfd8 c4 39. Rc8 Re7+ 40.
Kf1 Re4 41. Rc2 h4 42. R8xc4 Kf5 43. Rxe4 Kxe4 44. Rc4+ Kf3 45. gxh4 gxh4 46.
Rxh4 f5 47. Ke1 Kg2 48. Rxa4 f4 49. h4 Kf3 50. h5 1-0

[Event "BPB Limburg-open C"]
[Site "Maastricht"]
[Date "2015.05.23"]
[Round "3"]
[White "Godde, Matthias"]
[Black "Loutragotis, Paraskevas Pantelei"]
[Result "0-1"]
[WhiteElo "1562"]
[BlackElo "1562"]
[PlyCount "58"]
[EventDate "2015.05.22"]
[EventType "swiss"]
[EventRounds "7"]
[EventCountry "NED"]
[Source "P.Boonen"]
[SourceDate "2015.01.01"]

1. d4 Nf6 2. c4 e6 3. Nf3 Bb4+ 4. Bd2 Be7 5. Nc3 d5 6. e3 O-O 7. Bd3 b6 8. O-O
Bb7 9. Qe2 c5 10. Rfd1 Nc6 11. cxd5 exd5 12. Rac1 Re8 13. dxc5 bxc5 14. Bb5 Bd6
15. Na4 c4 16. b3 a6 17. Bxc6 Bxc6 18. Nb2 Ba3 19. Be1 Qb6 20. Nd4 Rab8 21. Ba5
Qb7 22. Rc2 Bd7 23. bxc4 Bxb2 24. Rb1 Bxd4 25. Rxb7 Rxb7 26. cxd5 Rb1+ 27. Be1
Bb5 28. Qd2 Ne4 29. Qa5 Bb6 0-1

[Event "BPB Limburg-open C"]
[Site "Maastricht"]
[Date "2015.05.23"]
[Round "3"]
[White "Godding, Mick"]
[Black "Lennartz, Tim"]
[Result "0-1"]
[WhiteElo "1616"]
[BlackElo "1533"]
[PlyCount "42"]
[EventDate "2015.05.22"]
[EventType "swiss"]
[EventRounds "7"]
[EventCountry "NED"]
[Source "P.Boonen"]
[SourceDate "2015.01.01"]

1. e4 e5 2. Nf3 Nc6 3. d4 exd4 4. c3 Nf6 5. e5 Qe7 6. cxd4 Qb4+ 7. Bd2 Qxb2 8.
Bc3 Bb4 9. Bxb4 Nxb4 10. exf6 Nc2+ 11. Kd2 Nxa1+ 12. Kd3 gxf6 13. Be2 d5 14.
Nh4 b6 15. Ke3 Nc2+ 16. Kf4 Qxd4+ 17. Qxd4 Nxd4 18. Bd3 Rg8 19. Re1+ Be6 20. h3
O-O-O 21. Nc3 c5 0-1

[Event "BPB Limburg-open C"]
[Site "Maastricht"]
[Date "2015.05.23"]
[Round "3"]
[White "Hauffe, Frank"]
[Black "Loutragotis, Dimitrios"]
[Result "0-1"]
[WhiteElo "1703"]
[BlackElo "1659"]
[PlyCount "50"]
[EventDate "2015.05.22"]
[EventType "swiss"]
[EventRounds "7"]
[EventCountry "NED"]
[Source "P.Boonen"]
[SourceDate "2015.01.01"]

1. d4 e6 2. Nf3 Nf6 3. e3 b6 4. Bd3 Bb7 5. Nbd2 c5 6. c3 d5 7. Ne5 Bd6 8. Ndf3
O-O 9. O-O Ne4 10. Nd2 Bxe5 11. dxe5 Nxd2 12. Bxd2 Nd7 13. f4 Qc7 14. Qh5 g6
15. Qg4 c4 16. Bc2 Nc5 17. h4 Ne4 18. Rad1 Qc5 19. Bxe4 dxe4 20. h5 Rfd8 21.
hxg6 hxg6 22. f5 exf5 23. Rxf5 Bc8 24. Rdf1 Bxf5 25. Rxf5 Qc8 0-1

[Event "BPB Limburg-open C"]
[Site "Maastricht"]
[Date "2015.05.23"]
[Round "3"]
[White "Karsten, Simon"]
[Black "Mollema, Henk"]
[Result "1-0"]
[WhiteElo "1666"]
[BlackElo "1558"]
[PlyCount "53"]
[EventDate "2015.05.22"]
[EventType "swiss"]
[EventRounds "7"]
[EventCountry "NED"]
[Source "P.Boonen"]
[SourceDate "2015.01.01"]

1. e4 e5 2. Nf3 Nc6 3. Bc4 Bc5 4. O-O Nf6 5. d4 Bxd4 6. Nxd4 Nxd4 7. f4 d6 8.
fxe5 dxe5 9. Bg5 Bg4 10. Qd2 Qd6 11. Qf2 O-O-O 12. Bxf6 gxf6 13. Bd3 Rhg8 14.
Kh1 Rg6 15. Na3 Rdg8 16. Nc4 Qd7 17. c3 Bh3 18. gxh3 Qxh3 19. Ne3 Ne6 20. Be2
Kb8 21. Bg4 Rxg4 22. Nxg4 Qxg4 23. Qf3 Qh4 24. Rg1 Ng5 25. Qf5 b6 26. Rg4 Qh3
27. Rxg5 1-0

[Event "BPB Limburg-open C"]
[Site "Maastricht"]
[Date "2015.05.23"]
[Round "3"]
[White "Kokolakis, Panagiotis"]
[Black "Hotwani, Rahul"]
[Result "1-0"]
[WhiteElo "1379"]
[BlackElo "1697"]
[PlyCount "73"]
[EventDate "2015.05.22"]
[EventType "swiss"]
[EventRounds "7"]
[EventCountry "NED"]
[Source "P.Boonen"]
[SourceDate "2015.01.01"]

1. e4 e5 2. Nf3 Nc6 3. Bb5 a6 4. Ba4 Nf6 5. d3 Bc5 6. c3 b5 7. Bb3 Bb6 8. Nbd2
d6 9. h3 O-O 10. O-O Be6 11. Bc2 Nd7 12. Re1 f5 13. Nf1 fxe4 14. dxe4 Qf6 15.
Be3 Bxh3 16. Qd5+ Be6 17. Qxc6 Ra7 18. Bb3 Kh8 19. Bxe6 Qxe6 20. Qd5 Qg4 21.
N1h2 Qg6 22. Bxb6 Nxb6 23. Qd3 Nd7 24. Qe3 Raa8 25. Rad1 Nf6 26. Qg5 Qf7 27. b3
h6 28. Qe3 Qg6 29. g3 Rf7 30. Nh4 Qh5 31. Qe2 Qg5 32. Qe3 Qh5 33. Qf3 Qg5 34.
Qf5 Qh5 35. Qxh5 Nxh5 36. Re2 Raf8 37. Ng6+ 1-0

[Event "BPB Limburg-open C"]
[Site "Maastricht"]
[Date "2015.05.23"]
[Round "3"]
[White "Koolen, Tom"]
[Black "Eijkenboom, Raph"]
[Result "1/2-1/2"]
[WhiteElo "900"]
[BlackElo "1226"]
[PlyCount "51"]
[EventDate "2015.05.22"]
[EventType "swiss"]
[EventRounds "7"]
[EventCountry "NED"]
[Source "P.Boonen"]
[SourceDate "2015.01.01"]

1. e4 c5 2. Nf3 d6 3. d4 cxd4 4. Nxd4 Nf6 5. Nc3 a6 6. Bg5 Nbd7 7. Bc4 h6 8.
Bxf6 Nxf6 9. O-O e6 10. Re1 Be7 11. f4 Nxe4 12. Nxe4 d5 13. Bb3 dxe4 14. Rxe4
Qb6 15. c3 O-O 16. f5 e5 17. Rxe5 Bf6 18. Rd5 Rd8 19. Rxd8+ Bxd8 20. Qh5 Qf6
21. Re1 Kf8 22. Ne6+ fxe6 23. fxe6 Bb6+ 24. Kh1 Bxe6 25. Bxe6 Re8 26. Qe2
1/2-1/2

[Event "BPB Limburg-open C"]
[Site "Maastricht"]
[Date "2015.05.23"]
[Round "3"]
[White "Korinth, Leonardo Enrico"]
[Black "Werkhoven, Gerard"]
[Result "1/2-1/2"]
[WhiteElo "1665"]
[BlackElo "1546"]
[PlyCount "116"]
[EventDate "2015.05.22"]
[EventType "swiss"]
[EventRounds "7"]
[EventCountry "NED"]
[Source "P.Boonen"]
[SourceDate "2015.01.01"]

1. e4 c5 2. Nf3 d6 3. d3 Nc6 4. g3 Bg4 5. Bg2 Nd4 6. Nbd2 Nf6 7. h3 Nxf3+ 8.
Nxf3 Bd7 9. O-O e5 10. Ne1 Be7 11. f4 Qc8 12. Kh2 Bc6 13. Nf3 Nd7 14. Qe2 Qc7
15. Bd2 b5 16. fxe5 dxe5 17. Ng5 Bxg5 18. Bxg5 f6 19. Bd2 O-O 20. Qg4 Rf7 21.
h4 Nf8 22. Rf2 Bd7 23. Qe2 Qc8 24. Bf3 Qc6 25. g4 Ne6 26. c3 Rd8 27. Rg1 Bc8
28. g5 fxg5 29. Bxg5 Rdf8 30. Be3 Nf4 31. Bxf4 Rxf4 32. h5 Qf6 33. Rg3 Be6 34.
a3 Bf7 35. Rfg2 g6 36. Bg4 Be8 37. hxg6 hxg6 38. Bf5 Kg7 39. Rh3 Rh4 40. Rxh4
Qxh4+ 41. Bh3 Rh8 42. Qg4 Qf6 43. Kg1 Rf8 44. Qe2 Qf3 45. Bg4 Qxe2 46. Rxe2 Rf4
47. Be6 Kf6 48. Bd5 g5 49. c4 a5 50. Rf2 Rxf2 51. Kxf2 b4 52. axb4 axb4 53. Bb7
Bh5 54. Bc8 Bd1 55. Ke1 Bh5 56. Kf2 g4 57. Kg3 Kg5 58. Bd7 Kf6 1/2-1/2

[Event "BPB Limburg-open C"]
[Site "Maastricht"]
[Date "2015.05.23"]
[Round "3"]
[White "Krug, Franz-Dieter"]
[Black "Mang, Jessie"]
[Result "0-1"]
[WhiteElo "1639"]
[BlackElo "955"]
[PlyCount "56"]
[EventDate "2015.05.22"]
[EventType "swiss"]
[EventRounds "7"]
[EventCountry "NED"]
[Source "P.Boonen"]
[SourceDate "2015.01.01"]

1. d4 d5 2. Nf3 Nf6 3. h3 c5 4. e3 Nc6 5. c3 e6 6. Be2 Be7 7. O-O O-O 8. Re1 b6
9. Nbd2 Bb7 10. Nf1 Qc7 11. dxc5 bxc5 12. c4 Rfd8 13. cxd5 exd5 14. Ng3 g6 15.
b3 Ne4 16. Nf1 Bf6 17. Rb1 Nc3 18. Qc2 Nxb1 19. Qxb1 d4 20. exd4 cxd4 21. Bd3
Nb4 22. Bh6 Nxd3 23. Qxd3 Qc3 24. Rd1 Qxd3 25. Rxd3 Rac8 26. Bd2 Ba6 27. Ba5
Bxd3 28. Bxd8 Rxd8 0-1

[Event "BPB Limburg-open C"]
[Site "Maastricht"]
[Date "2015.05.23"]
[Round "3"]
[White "Kumpen, Jona"]
[Black "Han, Yichen"]
[Result "0-1"]
[WhiteElo "1607"]
[BlackElo "1117"]
[PlyCount "70"]
[EventDate "2015.05.22"]
[EventType "swiss"]
[EventRounds "7"]
[EventCountry "NED"]
[Source "P.Boonen"]
[SourceDate "2015.01.01"]

1. d4 d5 2. Nf3 Nc6 3. Bf4 Bf5 4. a3 e6 5. e3 Bd6 6. Bg3 Nge7 7. Be2 O-O 8. O-O
Bxg3 9. hxg3 Ng6 10. c4 dxc4 11. Bxc4 Bg4 12. Be2 e5 13. Nc3 exd4 14. Nxd4 Bxe2
15. Ncxe2 Nce5 16. Rc1 b6 17. b4 a5 18. b5 Qd6 19. a4 Rad8 20. Qc2 Rd7 21. Rfd1
Qe7 22. Nc3 Nc4 23. Qb3 Nxe3 24. Re1 Rxd4 25. Rxe3 Qb4 26. Qxb4 Rxb4 27. Nd5
Rxa4 28. Rxc7 Ra1+ 29. Kh2 h6 30. Rc6 Rb8 31. Rxb6 Rxb6 32. Nxb6 Rb1 33. Nc4
Rxb5 34. Ra3 Ne5 35. Nxa5 Ng4+ 0-1

[Event "BPB Limburg-open C"]
[Site "Maastricht"]
[Date "2015.05.23"]
[Round "3"]
[White "Kumpen, Kurt"]
[Black "Reyskens, Jules"]
[Result "1/2-1/2"]
[WhiteElo "1417"]
[BlackElo "1688"]
[PlyCount "81"]
[EventDate "2015.05.22"]
[EventType "swiss"]
[EventRounds "7"]
[EventCountry "NED"]
[Source "P.Boonen"]
[SourceDate "2015.01.01"]

1. Nf3 d5 2. d4 Nf6 3. e3 Bf5 4. c4 e6 5. Nc3 c6 6. Be2 Nbd7 7. a3 Bd6 8. b4
Ne4 9. Bb2 Nxc3 10. Bxc3 dxc4 11. Bxc4 Nb6 12. Bb3 Nd5 13. Bb2 Be4 14. O-O Qf6
15. Bc2 Bxf3 16. Qxf3 Qxf3 17. gxf3 Nf6 18. Bd3 O-O 19. Kh1 Rfd8 20. Rg1 Kf8
21. Rac1 a5 22. b5 cxb5 23. Bxb5 Rdc8 24. a4 Bb4 25. e4 Nh5 26. Rxc8+ Rxc8 27.
Rc1 Rxc1+ 28. Bxc1 Nf6 29. h4 h6 30. Bf4 Ke7 31. Kg2 Nd7 32. Kf1 f6 33. Bc7 Bc3
34. Ke2 g5 35. Kd3 Bb4 36. hxg5 hxg5 37. Bg3 Nb6 38. f4 gxf4 39. Bxf4 Bd6 40.
Be3 Bb4 41. f3 1/2-1/2

[Event "BPB Limburg-open C"]
[Site "Maastricht"]
[Date "2015.05.23"]
[Round "3"]
[White "Kutchoukov, Daniel"]
[Black "Wolters, Vincent"]
[Result "0-1"]
[WhiteElo "1471"]
[BlackElo "1654"]
[PlyCount "54"]
[EventDate "2015.05.22"]
[EventType "swiss"]
[EventRounds "7"]
[EventCountry "NED"]
[Source "P.Boonen"]
[SourceDate "2015.01.01"]

1. e4 e5 2. Nf3 Nc6 3. Bb5 a6 4. Ba4 Nf6 5. O-O d6 6. Re1 b5 7. Bb3 Na5 8. d3
Nxb3 9. axb3 Be7 10. h3 O-O 11. Nc3 Bb7 12. Be3 c5 13. Qe2 Nd7 14. Nd2 f5 15.
exf5 Rxf5 16. Nce4 Rf7 17. Qg4 Nf6 18. Nxf6+ Rxf6 19. Ne4 Rg6 20. Qf3 Qc7 21.
Bd2 Bh4 22. Qh5 Qe7 23. Be3 Rf8 24. Re2 Bc8 25. g4 Rf5 26. Bg5 Rfxg5 27. Nxg5
Bxg5 0-1

[Event "BPB Limburg-open C"]
[Site "Maastricht"]
[Date "2015.05.23"]
[Round "3"]
[White "Laureys, Jo"]
[Black "Bijvank, Evelyn"]
[Result "1-0"]
[WhiteElo "1283"]
[BlackElo "900"]
[PlyCount "91"]
[EventDate "2015.05.22"]
[EventType "swiss"]
[EventRounds "7"]
[EventCountry "NED"]
[Source "P.Boonen"]
[SourceDate "2015.01.01"]

1. d4 Nf6 2. Nf3 g6 3. b3 Bg7 4. Bb2 d6 5. h3 O-O 6. e3 Nbd7 7. Bd3 e5 8. e4
Qe7 9. Nbd2 Nh5 10. O-O f5 11. Re1 f4 12. Be2 Rf7 13. c3 Bf8 14. Nh2 Bh6 15.
Bxh5 gxh5 16. Qxh5 Qf6 17. Qe2 Nf8 18. Ng4 Bxg4 19. Qxg4+ Rg7 20. Qe2 Ne6 21.
f3 Ng5 22. Qc4+ Kf8 23. Kf2 Qg6 24. Rg1 Qh5 25. Rh1 Qh4+ 26. Ke2 Qg3 27. Rhg1
Re8 28. Nf1 Qh4 29. Nh2 Re6 30. Ng4 Reg6 31. Qd3 Qg3 32. c4 c6 33. dxe5 Rd7 34.
Ba3 c5 35. exd6 Rgxd6 36. Bxc5 Ke7 37. e5 Bg7 38. Bxd6+ Ke6 39. Qd5+ Kf5 40.
e6+ Kg6 41. exd7 Bxa1 42. d8=Q h5 43. Q8g8+ Bg7 44. Qd3+ Ne4 45. Qxe4+ Kg5 46.
Be7# 1-0

[Event "BPB Limburg-open C"]
[Site "Maastricht"]
[Date "2015.05.23"]
[Round "3"]
[White "Lemmens, Paul"]
[Black "Disters, Ray"]
[Result "1-0"]
[WhiteElo "1513"]
[BlackElo "900"]
[PlyCount "81"]
[EventDate "2015.05.22"]
[EventType "swiss"]
[EventRounds "7"]
[EventCountry "NED"]
[Source "P.Boonen"]
[SourceDate "2015.01.01"]

1. e4 c5 2. Nf3 g6 3. d4 cxd4 4. Qxd4 Nf6 5. Nc3 Bg7 6. Be2 Nc6 7. Qd1 d6 8.
O-O O-O 9. Bf4 Nd7 10. Qd2 a6 11. Rad1 Nde5 12. Nxe5 Nxe5 13. Bg5 Re8 14. Nd5
Nc6 15. c3 f6 16. Be3 Ne5 17. Bb6 Qd7 18. Nc7 Qc6 19. Nxa8 Bd7 20. Nc7 Qxb6 21.
Nxe8 Bxe8 22. Kh1 Bc6 23. f4 Nd7 24. Bc4+ Kh8 25. Bd5 Nc5 26. Rfe1 Bd7 27. Qe3
Qc7 28. b4 Ne6 29. f5 Nf8 30. h4 e6 31. fxe6 Nxe6 32. a3 Nd8 33. c4 Nc6 34.
Bxc6 Bxc6 35. Qf4 f5 36. Qxd6 Qf7 37. Qd8+ Bf8 38. e5 Kg7 39. e6 Qe7 40. Qd4+
Qf6 41. e7 1-0

[Event "BPB Limburg-open C"]
[Site "Maastricht"]
[Date "2015.05.23"]
[Round "3"]
[White "Lenaerts, Robbe"]
[Black "Brandsma, Romayn"]
[Result "1-0"]
[WhiteElo "1260"]
[BlackElo "900"]
[PlyCount "81"]
[EventDate "2015.05.22"]
[EventType "swiss"]
[EventRounds "7"]
[EventCountry "NED"]
[Source "P.Boonen"]
[SourceDate "2015.01.01"]

1. d4 Nf6 2. Nf3 e6 3. e3 d5 4. Bd3 c6 5. O-O Nbd7 6. b3 Bd6 7. Bb2 O-O 8. Nbd2
Re8 9. Ne5 Qc7 10. f4 h6 11. Rf3 a6 12. Rh3 c5 13. dxc5 Qxc5 14. Nxd7 Bxd7 15.
Bxf6 gxf6 16. Qg4+ Kf8 17. Rxh6 Ke7 18. Rxf6 Qxe3+ 19. Kh1 Qxd2 20. Qg7 Rf8 21.
Bg6 Be8 22. f5 Qc3 23. Rxe6+ Kd7 24. Qxc3 fxe6 25. fxe6+ Ke7 26. Qg7+ Kxe6 27.
Re1+ Be5 28. Rxe5+ Kd6 29. Qxf8+ Kxe5 30. Bxe8 Rc8 31. Qe7+ Kd4 32. Qf6+ Kc5
33. Qc3+ Kd6 34. Qxc8 Ke5 35. h4 Kf6 36. h5 Kg7 37. h6+ Kxh6 38. Qg4 Kh7 39.
Bf7 d4 40. Qg6+ Kh8 41. Qg8# 1-0

[Event "BPB Limburg-open C"]
[Site "Maastricht"]
[Date "2015.05.23"]
[Round "3"]
[White "Lennartz, Ludwig"]
[Black "Van Ginneken, Maikel"]
[Result "1-0"]
[WhiteElo "1668"]
[BlackElo "1499"]
[PlyCount "57"]
[EventDate "2015.05.22"]
[EventType "swiss"]
[EventRounds "7"]
[EventCountry "NED"]
[Source "P.Boonen"]
[SourceDate "2015.01.01"]

1. e4 e5 2. Nf3 Nf6 3. Nxe5 d6 4. Nf3 Nxe4 5. d4 Be7 6. Bd3 Nf6 7. h3 O-O 8.
O-O b6 9. c4 d5 10. Nc3 dxc4 11. Bxc4 Bb7 12. Bf4 Bd6 13. Bg5 h6 14. Bh4 g5 15.
Bg3 Nc6 16. Ne5 Na5 17. Bd3 Kg7 18. f4 Bxe5 19. dxe5 Nd5 20. Qe2 Nxc3 21. bxc3
Qd5 22. Rad1 Qc5+ 23. Kh2 Qxc3 24. fxg5 hxg5 25. Qh5 f5 26. Qxg5+ Kh8 27. Qh6+
Kg8 28. Qg6+ Kh8 29. Rxf5 1-0

[Event "BPB Limburg-open C"]
[Site "Maastricht"]
[Date "2015.05.23"]
[Round "3"]
[White "Maass, Andre"]
[Black "Nissel, Andreas"]
[Result "0-1"]
[WhiteElo "1483"]
[BlackElo "1628"]
[PlyCount "76"]
[EventDate "2015.05.22"]
[EventType "swiss"]
[EventRounds "7"]
[EventCountry "NED"]
[Source "P.Boonen"]
[SourceDate "2015.01.01"]

1. c4 Nf6 2. g3 e6 3. Bg2 d5 4. Nf3 Bd6 5. O-O O-O 6. b3 c6 7. Bb2 Nbd7 8. d3
Qe7 9. Nh4 Ne8 10. e4 dxe4 11. dxe4 Bc5 12. Qc2 e5 13. Nf5 Qe6 14. Ba3 Bxa3 15.
Nxa3 g6 16. Ne3 Nef6 17. Rad1 Qe7 18. Nb1 Nc5 19. Nc3 Ne6 20. Ne2 Ng7 21. Rd2
Be6 22. Rfd1 Rad8 23. Qc3 Rxd2 24. Rxd2 Nd7 25. Qd3 Rd8 26. Bf3 Kf8 27. Bg4 Ke8
28. Bxe6 Nxe6 29. Qc3 Ng5 30. Rd1 Nxe4 31. Qa5 Qc5 32. Qc7 Qb6 33. Rxd7 Rxd7
34. Qxe5+ Re7 35. Qh8+ Kd7 36. Qxh7 Nxf2 37. Qh6 Ng4 38. Qg5 Qxe3+ 0-1

[Event "BPB Limburg-open C"]
[Site "Maastricht"]
[Date "2015.05.23"]
[Round "3"]
[White "Mang, Dalya"]
[Black "Zheng, Mandy"]
[Result "1-0"]
[WhiteElo "900"]
[BlackElo "900"]
[PlyCount "37"]
[EventDate "2015.05.22"]
[EventType "swiss"]
[EventRounds "7"]
[EventCountry "NED"]
[Source "P.Boonen"]
[SourceDate "2015.01.01"]

1. d4 d5 2. Nf3 Bg4 3. e3 Bxf3 4. Qxf3 e6 5. c4 Nf6 6. Nc3 Bb4 7. Bd2 Bxc3 8.
Bxc3 dxc4 9. Bxc4 O-O 10. Qxb7 Nbd7 11. O-O Nb6 12. b3 Ne4 13. Qxe4 Nxc4 14.
bxc4 Rb8 15. Qg4 Qf6 16. Rab1 Rbd8 17. Rbc1 Rb8 18. d5 Qd8 19. Qxg7# 1-0

[Event "BPB Limburg-open C"]
[Site "Maastricht"]
[Date "2015.05.23"]
[Round "3"]
[White "Marechal, Georges"]
[Black "Muntean, Felix"]
[Result "1-0"]
[WhiteElo "1653"]
[BlackElo "900"]
[PlyCount "79"]
[EventDate "2015.05.22"]
[EventType "swiss"]
[EventRounds "7"]
[EventCountry "NED"]
[Source "P.Boonen"]
[SourceDate "2015.01.01"]

1. e4 e5 2. Nf3 Nc6 3. Bb5 d6 4. d4 Nf6 5. Nc3 a6 6. Bxc6+ bxc6 7. dxe5 Nd7 8.
Bg5 Be7 9. Bxe7 Qxe7 10. exd6 cxd6 11. Qd4 O-O 12. O-O-O Rb8 13. Qxd6 Qxd6 14.
Rxd6 Nb6 15. Rxc6 Bd7 16. Rd6 Rfd8 17. Rhd1 h6 18. Ne5 Rb7 19. f3 f6 20. Nc6
Re8 21. Na5 Rc7 22. Rxb6 Be6 23. Rdd6 Bf7 24. Rxa6 Ree7 25. Ra8+ Kh7 26. f4
Rcd7 27. Raa6 Ra7 28. Rxa7 Rxa7 29. b4 Rc7 30. Kd2 Re7 31. a3 Bg6 32. f5 Be8
33. Kd3 Bd7 34. Kd4 Bc8 35. Rd8 Re5 36. Rxc8 Re7 37. Nd5 Rf7 38. Nf4 Rd7+ 39.
Ke3 Rd1 40. Ng6 1-0